00000000nam##2200000za#4500
0019.578352
003CaOODSP
00520210624190040
007cr |||||||||||
008150406|1986||||xxc|||||o    f|0| 0 eng|d
022 |a1488-5379
040 |aCaOODSP|beng
043 |an-cn---
0861 |aFs97-6/1476E-PDF
1101 |aCanada. |bDepartment of Fisheries and Oceans.
24510|aCondition and growth of white suckers Catostomus commersoni in Lake 302, a double-basin acidified lake in the Experimental Lakes Area / |h[electronic resource]|cby S.M. Chalanchuk.
260 |aWinnipeg - Manitoba : |bFisheries and Oceans Canada |c1986.
300 |a19p.|breferences, table
4901 |aCanadian technical report of fisheries and aquatic sciences|x1488-5379|vNo. 1476
546 |a(Résumé en français)
590 |a14-02-Supp|b2014-01-08
7201 |aChalanchuk, S. M.
830#0|aCanadian technical report of fisheries and aquatic sciences,|x1488-5379|vNo. 1476|w(CaOODSP)9.504449
85640|ahttp://publications.gc.ca|qPDF|s1681 KB|uhttps://publications.gc.ca/collections/collection_2013/mpo-dfo/Fs97-6-1476-eng.pdf|yNo. 1476